000 00905nam a2200265 i 4500
001 15833
003 ES-MaACL
005 20250728062556.0
007 t|
008 000508s1997 sp ||||0| spa j
040 _aM-BN
_bspa
_cM-BN
080 _a327(460:94)"19"
080 _a327(94:460)"19"
100 1 _aAhmad, Qasim.
_918940
245 1 0 _aAustralia y la España de Franco, 1945-50 /
_cQasim Ahmad.
260 _aMadrid :
_bAsociación Española de Estudios del Pacífico,
_c1997.
300 _a54 p. ;
_c21 cm.
490 1 _aMonografías ;
_v1
651 4 _aAustralia-
_xRelaciones-
_zEspaña-
_yS.XX.
_97843
651 4 _aEspaña-
_xRelaciones-
_zAustralia
_98458
710 2 _aAsociación Española de Estudios del Pacífico.
_91663
830 0 0 _aMonografías (Centro de Estudios Benaventanos "Ledo del Pozo")
_v1
_9177262
852 _aES-MaACL
_jL-23066
_bR.126543
999 _c15833
_d15833